000 00613nam a2200205Ii 4500
003 JO-AjNU
008 230606s9999||||xx |||||||||||||| ||und||
020 _a0-415-0219-1(PBK) , 978-0-415-09219-7(PBK)
040 _aJO-AjNU
_beng
_erda
_cJO-AjNU
041 _aeng
050 1 4 _aPR830.T3.B68 1996
100 3 _aBotting, Fred,
_eauthor
_932
245 0 0 _aGOTHIC
264 3 1 _aNew York:Routledge ,2009
300 _a201P
336 _atext
_btxt
_2rdacontent
337 _aunmediated
_bn
_2rdamedia
338 _avolume
_bnc
_2rdacarrier
650 4 _aHorror tales - English - History and criticism - United States
_933
999 _aE20
_c20
_d20